[Event "Obro 60 aar"]
[Site "Kobenhavn"]
[Date "1996.10.18"]
[Round "7"]
[White "Petersen, Steen Brustrup"]
[Black "Kirkegaard, Niels"]
[Result "1-0"]
[WhiteElo "2150"]
[BlackElo "2000"]
[PlyCount "39"]
[EventDate "1996.10.12"]
[EventCountry "DEN"]
[SourceVersionDate "2022.08.28"]

1. e4 e6 2. d4 d5 3. e5 c5 4. c3 Nc6 5. Nf3 Qb6 6. a3 Bd7 7. b4 cxd4 8. cxd4
Rc8 9. Be3 Nh6 10. Bd3 Nf5 11. O-O Be7 12. Nbd2 O-O 13. Nb3 Nb8 14. Qe2 Rc7 15.
Bd2 a6 16. b5 Bxb5 17. Ba5 Bxd3 18. Qxd3 Qc6 19. Rac1 Qc4 20. Rxc4 1-0

[Event "Obro 60 aar"]
[Site "Kobenhavn"]
[Date "1996.10.18"]
[Round "7"]
[White "Nilssen, John Arni"]
[Black "Olsen, Heini"]
[Result "1/2-1/2"]
[WhiteElo "2230"]
[BlackElo "2315"]
[PlyCount "34"]
[EventDate "1996.10.12"]
[EventCountry "DEN"]
[SourceVersionDate "2022.08.28"]

1. Nf3 Nf6 2. d4 e6 3. c4 d5 4. g3 Be7 5. Bg2 O-O 6. O-O dxc4 7. Qc2 a6 8. Qxc4
b5 9. Qc2 Bb7 10. Bg5 Be4 11. Qc1 Nbd7 12. Nbd2 Bb7 13. Nb3 Bd5 14. Nc5 Nxc5
15. dxc5 Nd7 16. Be3 c6 17. Rd1 Qc7 1/2-1/2

[Event "Obro 60 aar"]
[Site "Kobenhavn"]
[Date "1996.10.18"]
[Round "7"]
[White "Jorgensen, Michael"]
[Black "Backlund, Anders"]
[Result "1/2-1/2"]
[WhiteElo "2285"]
[BlackElo "2190"]
[PlyCount "133"]
[EventDate "1996.10.12"]
[EventCountry "DEN"]
[SourceVersionDate "2022.08.28"]

1. d4 e6 2. c4 Nf6 3. Nf3 b6 4. a3 Ba6 5. Qc2 Bb7 6. Nc3 c5 7. e4 cxd4 8. Nxd4
d6 9. Be2 Be7 10. O-O O-O 11. Be3 Nbd7 12. Rfd1 a6 13. f3 Re8 14. Qd2 Rc8 15.
Rac1 Qc7 16. Bf1 Qb8 17. a4 Bd8 18. Qf2 Bc7 19. Qh4 Nf8 20. Bg5 Bd8 21. Qf2 h6
22. Be3 Bc7 23. g3 Qa8 24. Bg2 N8d7 25. Qd2 Bd8 26. b3 Be7 27. Bh3 Bf8 28. Bg2
Nc5 29. Rb1 Ncd7 30. Bf2 Nc5 31. Nde2 Ncd7 32. Nf4 Rc7 33. a5 bxa5 34. Na4 Bc6
35. Qxa5 Rb7 36. Nd3 Reb8 37. Nc1 Be7 38. Nb2 Bd8 39. Qc3 Bc7 40. Nbd3 a5 41.
Ra1 Ne8 42. Ra3 Bd8 43. Ne2 Rc8 44. Nd4 Qb8 45. Nxc6 Rxc6 46. f4 e5 47. fxe5
Nxe5 48. Nxe5 dxe5 49. Rd5 Be7 50. c5 Nc7 51. Bf1 Nb5 52. Bxb5 Rxb5 53. Rxa5
Rxb3 54. Qxe5 Qxe5 55. Rxe5 Bg5 56. Ra8+ Kh7 57. Ra2 Rc3 58. Re2 Bc1 59. Re7
Kg6 60. Rb7 f6 61. Rb6 Rxb6 62. cxb6 Rb3 63. Rc2 Bb2 64. Bc5 Bc3 65. Ra2 Rb5
66. Be3 Ba5 67. b7 1/2-1/2

[Event "Obro 60 aar"]
[Site "Kobenhavn"]
[Date "1996.10.19"]
[Round "8"]
[White "Vestergaard, Kenneth"]
[Black "Pallesen, Jacob"]
[Result "0-1"]
[WhiteElo "2000"]
[BlackElo "2000"]
[PlyCount "96"]
[EventDate "1996.10.12"]
[EventCountry "DEN"]
[SourceVersionDate "2022.08.28"]

1. e4 d6 2. d4 Nf6 3. Bd3 g6 4. Nf3 Bg7 5. O-O O-O 6. Bg5 Nbd7 7. c4 c5 8. Nc3
cxd4 9. Nxd4 Nc5 10. Bc2 Bg4 11. Qd2 Rc8 12. h3 Bd7 13. Rad1 a6 14. Bh6 Ne6 15.
Bxg7 Kxg7 16. b3 Qa5 17. f4 Rfd8 18. Rf3 Qc5 19. Kh2 Nxd4 20. Qxd4 Qxd4 21.
Rxd4 Bc6 22. Rfd3 Re8 23. Nd5 Bxd5 24. exd5 b5 25. g4 Nd7 26. Kg3 bxc4 27. bxc4
Nc5 28. Ra3 Rb8 29. Ba4 Rec8 30. Bc6 Rb1 31. Ba4 Rcb8 32. Rd1 R1b4 33. Bc6 Rxc4
34. Re1 Re4 35. Rae3 f5 36. gxf5 gxf5 37. Rxe4 Nxe4+ 38. Kf3 Rb2 39. Bd7 Kf6
40. Be6 Rxa2 41. Bxf5 Nd2+ 42. Ke3 Kxf5 43. Kd3 Nb3 44. Rxe7 Nc5+ 45. Ke3 Ra3+
46. Kd4 Rxh3 47. Rf7+ Kg6 48. Rf8 Rf3 0-1

[Event "Obro 60 aar"]
[Site "Kobenhavn"]
[Date "1996.10.19"]
[Round "8"]
[White "Fredericia, Louise Winther"]
[Black "Olesen, Michael"]
[Result "1-0"]
[WhiteElo "2000"]
[BlackElo "2000"]
[PlyCount "65"]
[EventDate "1996.10.12"]
[EventCountry "DEN"]
[SourceVersionDate "2022.08.28"]

1. e4 c5 2. Nf3 e6 3. d3 Nc6 4. g3 d6 5. Bg2 g6 6. O-O Bg7 7. Nc3 Nge7 8. Be3
O-O 9. Qd2 Re8 10. Bh6 Bh8 11. h3 Nd4 12. Nh2 Nec6 13. f4 a5 14. Nd1 f5 15. c3
Nb5 16. Ne3 Nc7 17. Rae1 Bg7 18. Bg5 Bf6 19. Bxf6 Qxf6 20. g4 Kh8 21. gxf5 gxf5
22. exf5 exf5 23. Nd5 Qd8 24. Nxc7 Rxe1 25. Rxe1 Qxc7 26. Re8+ Kg7 27. Qe3 Kf6
28. Bxc6 bxc6 29. Nf3 h6 30. Rf8+ Kg7 31. Qe8 Bb7 32. Rg8+ Kh7 33. Qg6# 1-0

[Event "Obro 60 aar"]
[Site "Kobenhavn"]
[Date "1996.10.19"]
[Round "8"]
[White "Hartung Nielsen, Jens"]
[Black "Jensen, Henrik W"]
[Result "1-0"]
[WhiteElo "2255"]
[BlackElo "2150"]
[PlyCount "61"]
[EventDate "1996.10.12"]
[EventCountry "DEN"]
[SourceVersionDate "2022.08.28"]

1. d4 Nf6 2. Nf3 b6 3. Bg5 Bb7 4. Nc3 d5 5. e3 e6 6. Bd3 Be7 7. Ne5 Nfd7 8.
Bxe7 Qxe7 9. f4 Ba6 10. O-O Bxd3 11. Qxd3 f5 12. a4 Nxe5 13. fxe5 a6 14. Ne2
Nc6 15. c4 Nb4 16. Qb3 g5 17. Nc3 c6 18. a5 dxc4 19. Qxc4 b5 20. Qe2 O-O-O 21.
Qf3 h5 22. Rfc1 g4 23. Qe2 f4 24. Ne4 f3 25. gxf3 gxf3 26. Qxf3 Rhg8+ 27. Kh1
Rdf8 28. Nf6 Rg5 29. Rxc6+ Nxc6 30. Qxc6+ Qc7 31. Qa8+ 1-0

[Event "Obro 60 aar"]
[Site "Kobenhavn"]
[Date "1996.10.19"]
[Round "8"]
[White "Brinck Claussen, Bjorn"]
[Black "Aagaard, Jacob"]
[Result "1/2-1/2"]
[WhiteElo "2395"]
[BlackElo "2370"]
[PlyCount "64"]
[EventDate "1996.10.12"]
[EventCountry "DEN"]
[SourceVersionDate "2022.08.28"]

1. e4 e5 2. Nf3 Nc6 3. Bb5 f5 4. Nc3 Nd4 5. Ba4 Nf6 6. exf5 Bc5 7. O-O O-O 8.
Nxd4 exd4 9. Ne2 d5 10. b4 Bb6 11. Bb2 Qd6 12. a3 Ng4 13. Ng3 Bxf5 14. d3 c6
15. Qd2 Rf6 16. Rae1 Raf8 17. Re2 Bd7 18. Qe1 h5 19. h3 h4 20. hxg4 hxg3 21. f3
Bxg4 22. Re5 Re6 23. Rxe6 Bxe6 24. f4 Bd7 25. Qxg3 Re8 26. Bb3 Re3 27. Qg5 Re2
28. Rf3 Re1+ 29. Rf1 Re2 30. Rf3 Re1+ 31. Rf1 Rxf1+ 32. Kxf1 Qe6 1/2-1/2

[Event "Obro 60 aar"]
[Site "Kobenhavn"]
[Date "1996.10.19"]
[Round "8"]
[White "Toldsted, Jorgen"]
[Black "Spoer, Morten"]
[Result "1-0"]
[WhiteElo "2000"]
[BlackElo "2000"]
[PlyCount "41"]
[EventDate "1996.10.12"]
[EventCountry "DEN"]
[SourceVersionDate "2022.08.28"]

1. d4 d5 2. Nf3 Bg4 3. Ne5 Bf5 4. c4 f6 5. Nf3 e6 6. Qb3 b6 7. e3 c6 8. Nc3 Bd6
9. cxd5 exd5 10. Bd2 Ne7 11. Rc1 Bg6 12. Nh4 Qd7 13. Nxg6 hxg6 14. h3 Qf5 15.
Be2 g5 16. Bf3 Na6 17. Nxd5 Nxd5 18. Rxc6 Nab4 19. Rxd6 Qb1+ 20. Ke2 Qxh1 21.
Bxb4 1-0

[Event "Obro 60 aar"]
[Site "Kobenhavn"]
[Date "1996.10.19"]
[Round "8"]
[White "Olesen, Martin"]
[Black "Olsen, Peter Erik"]
[Result "0-1"]
[WhiteElo "2370"]
[BlackElo "2240"]
[PlyCount "44"]
[EventDate "1996.10.12"]
[EventCountry "DEN"]
[SourceVersionDate "2022.08.28"]

1. d4 Nf6 2. Nf3 c5 3. e3 cxd4 4. exd4 d5 5. c4 Nc6 6. Nc3 Bg4 7. cxd5 Nxd5 8.
Be2 e6 9. Qb3 Bb4 10. O-O Bxf3 11. Bxf3 Nxd4 12. Qa4+ b5 13. Nxb5 Nxf3+ 14.
gxf3 O-O 15. a3 Bc5 16. Bd2 Qf6 17. b4 Bb6 18. Qb3 Nf4 19. Kh1 Rad8 20. Qc3 Qf5
21. Rg1 Ng6 22. Rg5 Qf6 0-1

[Event "Obro 60 aar"]
[Site "Kobenhavn"]
[Date "1996.10.19"]
[Round "8"]
[White "Larsen, Flemming Bo"]
[Black "Nolsoe, Eydun"]
[Result "1/2-1/2"]
[WhiteElo "2000"]
[BlackElo "2160"]
[PlyCount "81"]
[EventDate "1996.10.12"]
[EventCountry "DEN"]
[SourceVersionDate "2022.08.28"]

1. c4 Nf6 2. Nc3 e6 3. Nf3 b6 4. g3 Bb7 5. Bg2 Be7 6. O-O O-O 7. d4 d6 8. Qc2
Nbd7 9. d5 e5 10. Ne1 Rc8 11. Nd3 c6 12. dxc6 Bxc6 13. Bxc6 Rxc6 14. Qb3 Qc8
15. Nd5 Nxd5 16. cxd5 Rc7 17. Be3 Qb7 18. Nb4 Rfc8 19. Rfc1 Rxc1+ 20. Rxc1
Rxc1+ 21. Bxc1 Nb8 22. Be3 a5 23. Nc6 Nxc6 24. dxc6 Qxc6 25. Qxb6 Qxb6 26. Bxb6
a4 27. e4 Kf8 28. Kf1 Ke8 29. Ke2 Kd7 30. Kd3 Kc6 31. Ba7 d5 32. f4 exf4 33.
gxf4 g6 34. f5 Bd6 35. h3 Bg3 36. Be3 Be1 37. Kd4 dxe4 38. Kxe4 Bg3 39. Bd4 Bd6
40. Bc3 Kc5 41. Bd4+ 1/2-1/2

[Event "Obro 60 aar"]
[Site "Kobenhavn"]
[Date "1996.10.19"]
[Round "8"]
[White "Tonning, Erik"]
[Black "Overgaard, Christian M"]
[Result "0-1"]
[WhiteElo "2205"]
[BlackElo "2270"]
[PlyCount "112"]
[EventDate "1996.10.12"]
[EventCountry "DEN"]
[SourceVersionDate "2022.08.28"]

1. e4 c5 2. Nc3 Nc6 3. g3 g6 4. Bg2 Bg7 5. d3 e6 6. Be3 d6 7. Qd2 Qa5 8. Nf3
Nd4 9. O-O Ne7 10. Ne1 Bd7 11. Bg5 Bc6 12. Bxe7 Qb4 13. Bxd6 Qxb2 14. Qg5 f6
15. Qxc5 Qxc3 16. Qxc3 Ne2+ 17. Kh1 Nxc3 18. Nf3 Ba4 19. e5 Kd7 20. exf6 Kxd6
21. fxg7 Rhg8 22. Rfe1 Rxg7 23. d4 Rf8 24. Ng5 Rxf2 25. Re3 h6 26. Nxe6 Re7 27.
d5 Rxc2 28. Rd3 Bb5 29. Rd4 Rxa2 30. Rxa2 Nxa2 31. Rf4 Nc3 32. Rd4 g5 33. h3
Ba6 34. g4 b6 35. Rd2 Bb7 36. Nd4 Re1+ 37. Kh2 Nxd5 38. Nf5+ Kc5 39. Nxh6 Re7
40. Nf5 Rh7 41. Rc2+ Kb4 42. Be4 Nf4 43. Bxb7 Rxb7 44. Rf2 Nd3 45. Rf3 Rd7 46.
Nh6 a5 47. Nf7 a4 48. Nxg5 a3 49. h4 a2 50. Rf1 Ne5 51. Kg3 Rd4 52. Re1 Rxg4+
53. Kh3 Rc4 54. h5 Kb3 55. h6 Ng6 56. h7 Kb2 0-1

[Event "Obro 60 aar"]
[Site "Kobenhavn"]
[Date "1996.10.19"]
[Round "8"]
[White "Nilsson, Lars Kjoller"]
[Black "Hansen, Soren Asger"]
[Result "1-0"]
[WhiteElo "2200"]
[BlackElo "2000"]
[PlyCount "93"]
[EventDate "1996.10.12"]
[EventCountry "DEN"]
[SourceVersionDate "2022.08.28"]

1. d4 Nf6 2. c4 g6 3. Nc3 Bg7 4. e4 d6 5. Bg5 h6 6. Bh4 g5 7. Bg3 O-O 8. Bd3
Nc6 9. d5 Ne5 10. f4 Nxd3+ 11. Qxd3 gxf4 12. Bxf4 Nh5 13. Be3 f5 14. O-O-O e5
15. dxe6 Bxe6 16. exf5 Bxf5 17. Qd5+ Kh7 18. Nge2 Qe7 19. Qd2 Rae8 20. Bd4 Bxd4
21. Nxd4 Bg6 22. Rde1 Qf7 23. b3 Nf4 24. Rxe8 Qxe8 25. Nf3 Nxg2 26. Qxg2 Qe3+
27. Qd2 Qxf3 28. Re1 Qf6 29. Kb2 Re8 30. Rxe8 Bxe8 31. Qe3 Qg5 32. Qxe8 Qd2+
33. Ka3 Qxc3 34. Qe7+ Qg7 35. Qe4+ Kh8 36. Qxb7 a5 37. Qa8+ Kh7 38. Qxa5 Qe7
39. b4 Qe3+ 40. Ka4 Qe7 41. Qd5 Qd7+ 42. b5 Kg7 43. Kb4 Qe7 44. Qd4+ Qe5 45.
Qxe5+ dxe5 46. c5 e4 47. b6 1-0

[Event "Obro 60 aar"]
[Site "Kobenhavn"]
[Date "1996.10.19"]
[Round "8"]
[White "Petersen, Nils"]
[Black "Larsen, Pelle O"]
[Result "0-1"]
[WhiteElo "2135"]
[BlackElo "2000"]
[PlyCount "70"]
[EventDate "1996.10.12"]
[EventCountry "DEN"]
[SourceVersionDate "2022.08.28"]

1. c4 e5 2. Nc3 d6 3. e3 f5 4. d4 e4 5. g3 Nf6 6. h4 Be7 7. Be2 c6 8. Nh3 Na6
9. Nf4 Nc7 10. d5 cxd5 11. cxd5 O-O 12. b3 Nd7 13. Bb2 Bf6 14. Rc1 Be5 15. Qc2
Nf6 16. Bc4 Kh8 17. Nb5 Nxb5 18. Bxe5 dxe5 19. Ne6 Bxe6 20. dxe6 Na3 21. Qb2
Nxc4 22. bxc4 Qc7 23. O-O Rfe8 24. Rb1 b6 25. Rfc1 Rxe6 26. a4 Nd7 27. a5 Nc5
28. Qa2 Rd8 29. Rc2 h6 30. Rb5 Rd1+ 31. Kg2 g5 32. axb6 Rxb6 33. Qa5 Nd3 34. c5
Rxb5 35. Qxc7 Ne1+ 0-1

[Event "Obro 60 aar"]
[Site "Kobenhavn"]
[Date "1996.10.19"]
[Round "8"]
[White "Kirkegaard, Niels"]
[Black "Larsen, Peder"]
[Result "0-1"]
[WhiteElo "2000"]
[BlackElo "2050"]
[PlyCount "64"]
[EventDate "1996.10.12"]
[EventCountry "DEN"]
[SourceVersionDate "2022.08.28"]

1. e4 c5 2. Nf3 d6 3. d4 cxd4 4. Nxd4 Nf6 5. Nc3 Nc6 6. Bc4 Qb6 7. Nxc6 bxc6 8.
O-O g6 9. Be3 Qxb2 10. Bd4 Qb7 11. e5 dxe5 12. Bxe5 Bg7 13. Rb1 Qd7 14. Qf3 O-O
15. Rfd1 Qf5 16. Qe2 Qh5 17. f3 Ng4 18. fxg4 Qxe5 19. Ne4 Be6 20. h3 Rfd8 21.
Bxe6 Qxe6 22. Qf3 Qxa2 23. Rf1 Qc4 24. Kh1 Rab8 25. Rb3 Rxb3 26. cxb3 Qd5 27.
Kh2 Be5+ 28. g3 f6 29. Rf2 Qd3 30. Qg2 Qxb3 31. Rd2 Rxd2 32. Qxd2 Qb2 0-1

[Event "Obro 60 aar"]
[Site "Kobenhavn"]
[Date "1996.10.19"]
[Round "8"]
[White "Clausen, Steen"]
[Black "Ronneland, Daniel"]
[Result "1-0"]
[WhiteElo "2260"]
[BlackElo "2190"]
[PlyCount "111"]
[EventDate "1996.10.12"]
[EventCountry "DEN"]
[SourceVersionDate "2022.08.28"]

1. d4 d5 2. c4 c6 3. Nc3 e6 4. e3 Nf6 5. Nf3 Nbd7 6. Bd3 dxc4 7. Bxc4 b5 8. Bb3
Bb7 9. O-O a6 10. Re1 c5 11. e4 cxd4 12. Nxd4 Nc5 13. Bg5 Nxb3 14. Nxb3 Qxd1
15. Raxd1 Rc8 16. f3 Nd7 17. Bf4 Nb6 18. Na5 Bc5+ 19. Be3 Ba8 20. Bxc5 Rxc5 21.
Rd6 Na4 22. Rxa6 O-O 23. Nb3 Rc4 24. Nxb5 Nxb2 25. Rc1 Rb4 26. Nd6 Ra4 27. Rxa4
Nxa4 28. Rc7 g6 29. Ra7 Nb6 30. Nc5 Nc8 31. Rxa8 Nxd6 32. Rxf8+ Kxf8 33. Kf2
Ke7 34. Ke3 e5 35. a4 Kd8 36. Kd3 Kc7 37. Kc3 f5 38. Kb4 fxe4 39. fxe4 Kc6 40.
a5 g5 41. g4 Ne8 42. Nd3 Nf6 43. Nxe5+ Kb7 44. Kc4 Ka6 45. Kd4 h5 46. gxh5 Nxh5
47. Nc4 Kb5 48. Ne3 Kxa5 49. Ke5 Kb5 50. Kf5 Kc5 51. Kxg5 Ng7 52. Nf5 Ne6+ 53.
Kf6 Nf4 54. h4 Kc6 55. Ng7 Kd7 56. h5 1-0

[Event "Obro 60 aar"]
[Site "Kobenhavn"]
[Date "1996.10.19"]
[Round "8"]
[White "Olsen, Heini"]
[Black "Backlund, Anders"]
[Result "1/2-1/2"]
[WhiteElo "2315"]
[BlackElo "2190"]
[PlyCount "32"]
[EventDate "1996.10.12"]
[EventCountry "DEN"]
[SourceVersionDate "2022.08.28"]

1. Nf3 c5 2. e4 Nc6 3. d4 cxd4 4. Nxd4 g6 5. Nc3 Bg7 6. Be3 Nf6 7. Nb3 O-O 8.
Be2 d6 9. O-O b6 10. f4 Bb7 11. Bf3 Nd7 12. Qd2 Nc5 13. Rad1 Rc8 14. Nd4 Nxd4
15. Bxd4 Bxd4+ 16. Qxd4 Qc7 1/2-1/2

[Event "Obro 60 aar"]
[Site "Kobenhavn"]
[Date "1996.10.19"]
[Round "8"]
[White "Pedersen, Thomas Vils"]
[Black "Henrichsen, Jens"]
[Result "1/2-1/2"]
[WhiteElo "2000"]
[BlackElo "2075"]
[PlyCount "30"]
[EventDate "1996.10.12"]
[EventCountry "DEN"]
[SourceVersionDate "2022.08.28"]

1. d4 Nf6 2. Nf3 g6 3. c4 Bg7 4. g3 O-O 5. Bg2 d6 6. O-O Nbd7 7. Nc3 e5 8. b3
exd4 9. Nxd4 Re8 10. Qc2 Qe7 11. Bb2 c6 12. Rad1 Nc5 13. b4 Nce4 14. Nxe4 Nxe4
15. Nf3 Bxb2 1/2-1/2

[Event "Obro 60 aar"]
[Site "Kobenhavn"]
[Date "1996.10.19"]
[Round "8"]
[White "Nilsson, Nils Specht"]
[Black "Larsen, Karsten"]
[Result "1-0"]
[WhiteElo "2235"]
[BlackElo "2000"]
[PlyCount "123"]
[EventDate "1996.10.12"]
[EventCountry "DEN"]
[SourceVersionDate "2022.08.28"]

1. e4 c6 2. Nf3 d5 3. e5 g6 4. d4 Bg7 5. Be2 Na6 6. O-O Nc7 7. b3 Nh6 8. h3 O-O
9. Bf4 Ne6 10. Bh2 Qb6 11. a4 a5 12. Na3 Rd8 13. c3 Bd7 14. Rb1 c5 15. g4 Rac8
16. Qd2 cxd4 17. cxd4 Qb4 18. Qb2 Qc3 19. Kg2 Qxb2 20. Rxb2 Rc3 21. Bb5 f5 22.
exf6 Bxf6 23. Bxd7 Rxd7 24. Nb5 Rc6 25. Re1 Nf7 26. h4 h6 27. Rbe2 Ng7 28. Bf4
g5 29. hxg5 hxg5 30. Ne5 Bxe5 31. Bxe5 Ne6 32. Bg3 Nfd8 33. Re5 Kg7 34. Rf5 Nf7
35. Kh3 Kg6 36. Re3 Nf8 37. Ref3 Rf6 38. Bc7 Ne6 39. Be5 Nf4+ 40. Bxf4 gxf4 41.
R3xf4 Ng5+ 42. Kg2 Ne4 43. Rxf6+ exf6 44. Rf5 Nd2 45. Nc3 Nxb3 46. Nxd5 Kg7 47.
Nxf6 Rxd4 48. Nh5+ Kh6 49. f4 Rxa4 50. Rf6+ Kh7 51. g5 Nc5 52. g6+ Kg8 53. Rd6
Ra2+ 54. Kh3 Ra3+ 55. Kh4 Rd3 56. Rxd3 Nxd3 57. Kg5 a4 58. Kh6 b5 59. Nf6+ Kf8
60. g7+ Kf7 61. g8=Q+ Kxf6 62. Qg6+ 1-0

[Event "Obro 60 aar"]
[Site "Kobenhavn"]
[Date "1996.10.19"]
[Round "8"]
[White "Rodgaard, John"]
[Black "Schiodt, Niels Christian"]
[Result "1/2-1/2"]
[WhiteElo "2375"]
[BlackElo "2000"]
[PlyCount "23"]
[EventDate "1996.10.12"]
[EventCountry "DEN"]
[SourceVersionDate "2022.08.28"]

1. c4 Nf6 2. Nf3 c6 3. b3 d5 4. Bb2 Bf5 5. g3 e6 6. Bg2 Be7 7. O-O Qb6 8. Qc1
O-O 9. d3 Nbd7 10. Nbd2 a5 11. a3 Rfe8 12. Qc3 1/2-1/2

[Event "Obro 60 aar"]
[Site "Kobenhavn"]
[Date "1996.10.19"]
[Round "8"]
[White "Malekian, Babak"]
[Black "El Kher, Henrik"]
[Result "1/2-1/2"]
[WhiteElo "2275"]
[BlackElo "2200"]
[PlyCount "68"]
[EventDate "1996.10.12"]
[EventCountry "DEN"]
[SourceVersionDate "2022.08.28"]

1. e4 c6 2. d4 d5 3. Nc3 g6 4. e5 Bg7 5. f4 h5 6. Nf3 Nh6 7. Be3 Bg4 8. Be2 e6
9. O-O Bf8 10. Bf2 Be7 11. h3 Bxf3 12. Bxf3 h4 13. Ne2 Nd7 14. b3 Kf8 15. c4 b5
16. c5 a5 17. a4 b4 18. Kh2 Ke8 19. Ng1 Nf8 20. Be2 Kd7 21. Nf3 Nf5 22. Qd3 Kc7
23. Ne1 Rh7 24. Nc2 Nd7 25. Ne3 Nf8 26. Rh1 Nd7 27. Kg1 Qf8 28. Nxf5 exf5 29.
Kh2 Qd8 30. Be3 Nf8 31. Raf1 Ne6 32. Rf3 Qh8 33. Kg1 Qd8 34. Kf1 Qh8 1/2-1/2

[Event "Obro 60 aar"]
[Site "Kobenhavn"]
[Date "1996.10.19"]
[Round "8"]
[White "Hartvig, Ove Weiss"]
[Black "Jorgensen, Brian Jorgen"]
[Result "1/2-1/2"]
[WhiteElo "2310"]
[BlackElo "2290"]
[PlyCount "115"]
[EventDate "1996.10.12"]
[EventCountry "DEN"]
[SourceVersionDate "2022.08.28"]

1. e4 c5 2. Nc3 Nc6 3. g3 g6 4. Bg2 Bg7 5. d3 d6 6. Be3 Rb8 7. Qd2 b5 8. Nge2
Nd4 9. h3 e6 10. Nd1 b4 11. c3 Nxe2 12. Qxe2 bxc3 13. bxc3 Ne7 14. O-O O-O 15.
Rc1 Qa5 16. Rc2 Ba6 17. g4 Rfe8 18. f4 f5 19. Bd2 Qa4 20. Bc1 fxe4 21. Bxe4 Kh8
22. Nb2 Qa5 23. Nd1 Bb5 24. c4 Ba4 25. Bd2 Qa6 26. Rc1 Bxd1 27. Rfxd1 Qxa2 28.
Qe1 Qa4 29. Bc3 Qd7 30. Bxg7+ Kxg7 31. Qc3+ Kg8 32. Ra1 Rf8 33. Rf1 d5 34. cxd5
exd5 35. Bg2 Qc7 36. Qa5 Rb7 37. Qa2 Qd6 38. Rfe1 Rxf4 39. Rf1 Rxf1+ 40. Rxf1
Qe5 41. Qa6 Rb2 42. Qxa7 Qg3 43. Qa8+ Rb8 44. Qa7 Qe3+ 45. Kh1 Rf8 46. Rb1 Rf2
47. Rb7 Re2 48. Qb8+ Kg7 49. Rb1 Re1+ 50. Rxe1 Qxe1+ 51. Kh2 g5 52. Qd6 Qe3 53.
Bxd5 Ng6 54. Be4 Qf2+ 55. Kh1 Qf1+ 56. Kh2 Qf2+ 57. Kh1 Qf1+ 58. Kh2 1/2-1/2

[Event "Obro 60 aar"]
[Site "Kobenhavn"]
[Date "1996.10.19"]
[Round "8"]
[White "Nilssen, John Arni"]
[Black "Jorgensen, Michael"]
[Result "1-0"]
[WhiteElo "2230"]
[BlackElo "2285"]
[PlyCount "125"]
[EventDate "1996.10.12"]
[EventCountry "DEN"]
[SourceVersionDate "2022.08.28"]

1. Nf3 f5 2. d4 Nf6 3. g3 g6 4. b3 Bg7 5. Bb2 O-O 6. Bg2 d6 7. O-O c6 8. c4 Na6
9. Nc3 Qe8 10. Re1 h6 11. a3 Qf7 12. Qc2 g5 13. d5 cxd5 14. cxd5 Bd7 15. Nd4
Ng4 16. Ne6 Bxe6 17. dxe6 Qh5 18. h3 Ne5 19. Nd5 Rae8 20. b4 f4 21. g4 Qg6 22.
Qxg6 Nxg6 23. Bxg7 Kxg7 24. Be4 Ne5 25. Rac1 h5 26. f3 Rh8 27. Kg2 Rh6 28. h4
hxg4 29. hxg5 gxf3+ 30. exf3 Rh5 31. Rh1 Reh8 32. Nxf4 Rxg5+ 33. Kf2 Rxh1 34.
Rxh1 Nc7 35. Nh5+ Kf8 36. f4 Ng4+ 37. Kf3 Rg8 38. Rc1 Nh2+ 39. Ke2 Ne8 40. Rc8
Rg4 41. Bxb7 Rh4 42. Ng3 Ng4 43. Bc6 Ngf6 44. Ne4 Kg7 45. Ng5 Rh8 46. Nf7 Rg8
47. f5 Kh7 48. a4 Ng7 49. Rxg8 Kxg8 50. b5 Nge8 51. Kd3 Ng7 52. Nd8 Ng4 53. Bd7
Ne5+ 54. Kc3 Nxf5 55. Nc6 Nf3 56. a5 d5 57. b6 axb6 58. axb6 Nd6 59. Nxe7+ Kf8
60. Nxd5 Ne5 61. e7+ Kf7 62. Ba4 Ke6 63. b7 1-0

[Event "Obro 60 aar"]
[Site "Kobenhavn"]
[Date "1996.10.19"]
[Round "8"]
[White "Jakobsen, Ole"]
[Black "Larsen, Peter"]
[Result "1/2-1/2"]
[WhiteElo "2400"]
[BlackElo "2085"]
[PlyCount "125"]
[EventDate "1996.10.12"]
[EventCountry "DEN"]
[SourceVersionDate "2022.08.28"]

1. d4 Nf6 2. c4 c5 3. d5 b5 4. cxb5 a6 5. f3 e6 6. e4 exd5 7. exd5 d6 8. bxa6
Be7 9. Bb5+ Nbd7 10. Ne2 O-O 11. Nbc3 Bxa6 12. Bxa6 Rxa6 13. O-O Qa8 14. Ng3
Rb8 15. Nf5 Bf8 16. b3 Nb6 17. Ne3 g6 18. Bb2 Bg7 19. Qd2 Ra7 20. Rad1 Re7 21.
Ba1 Rbe8 22. Nc2 h5 23. Qd3 Kh7 24. a4 c4 25. bxc4 Nxa4 26. Nxa4 Qxa4 27. Bd4
Re2 28. Rf2 Rxf2 29. Kxf2 Rc8 30. Ne3 Rb8 31. Ra1 Rb3 32. Qd2 Ra3 33. Rxa3 Qxa3
34. Qc3 Qa2+ 35. Qc2 Qa3 36. Qc3 Qa2+ 37. Qc2 Qa3 38. Qd2 Kg8 39. h4 Kh7 40.
Ke2 Qb3 41. Qc3 Qa2+ 42. Kf1 Qb1+ 43. Kf2 Qa2+ 44. Kg1 Ne8 45. Bxg7 Nxg7 46. c5
dxc5 47. Qxc5 Qa1+ 48. Kf2 Qb2+ 49. Kg1 Qa1+ 50. Kf2 Qb2+ 51. Kf1 Qa1+ 52. Ke2
Qe5 53. Kd3 Ne6 54. Qa7 Nc7 55. Qd4 Qd6 56. f4 Nb5 57. Qb2 Qc5 58. g3 Nd6 59.
Qd4 Qb5+ 60. Kd2 Qb1 61. Nd1 Qa2+ 62. Nb2 Qb3 63. Qe5 1/2-1/2

[Event "Obro 60 aar"]
[Site "Kobenhavn"]
[Date "1996.10.19"]
[Round "8"]
[White "Petersen, Steen Brustrup"]
[Black "Stojanovski, Sandi"]
[Result "0-1"]
[WhiteElo "2150"]
[BlackElo "2200"]
[PlyCount "220"]
[EventDate "1996.10.12"]
[EventCountry "DEN"]
[SourceVersionDate "2022.08.28"]

1. e4 Nf6 2. e5 Nd5 3. d4 d6 4. Nf3 Bg4 5. Be2 e6 6. O-O Be7 7. c4 Nb6 8. Nc3
a6 9. b3 O-O 10. Be3 N8d7 11. Nd2 Bxe2 12. Qxe2 dxe5 13. dxe5 Nxe5 14. Bxb6
cxb6 15. Qxe5 Qxd2 16. Ne4 Qa5 17. Qc7 Ba3 18. Qxb7 Qe5 19. Ng3 b5 20. Rae1 Qb8
21. Qe4 g6 22. Rd1 Rd8 23. Rd3 Rxd3 24. Qxd3 Qd8 25. Qe2 bxc4 26. Qxc4 Qc8 27.
Qe2 Qc6 28. Rd1 Rc8 29. Kf1 a5 30. Ne4 Qc7 31. h3 Qf4 32. g3 Qe5 33. f4 Qf5 34.
Kg2 Be7 35. a4 Rc7 36. Rd2 e5 37. fxe5 Qxe5 38. Qf3 Bb4 39. Re2 Kg7 40. Nd2 Qd4
41. Nc4 Bc5 42. Re1 Re7 43. Rd1 Qe4 44. Qxe4 Rxe4 45. Kf3 f5 46. Rd5 Bg1 47.
Nxa5 Kf6 48. Nc4 Ke6 49. Rd3 Bc5 50. Ne3 g5 51. Rc3 Re5 52. Nc2 h5 53. b4 g4+
54. hxg4 hxg4+ 55. Kg2 Ba7 56. Kf1 f4 57. Rc7 Bb8 58. Rb7 Bd6 59. Nd4+ Kd5 60.
gxf4 Re4 61. Ne2 Bxb4 62. f5 Kc6 63. Rb8 Bd6 64. Rc8+ Kd7 65. Ra8 g3 66. Rg8
Re3 67. Ng1 Ra3 68. Rg7+ Ke8 69. Rg4 Kf7 70. Nh3 Ra1+ 71. Kg2 Be5 72. Nf4 Rxa4
73. Kxg3 Kf6 74. Rh4 Kxf5 75. Rh5+ Ke4 76. Rxe5+ Kxe5 77. Ne2 Re4 78. Kf3 Ra4
79. Kf2 Ra3 80. Kf1 Ke4 81. Kf2 Ra2 82. Kf1 Ke3 83. Ng1 Rf2+ 84. Ke1 Rf4 85.
Ne2 Ra4 86. Kd1 Rc4 87. Ng3 Rc5 88. Nf1+ Kd3 89. Nd2 Rc2 90. Nb1 Rb2 91. Kc1
Rh2 92. Na3 Kc3 93. Nb1+ Kb4 94. Nd2 Rh1+ 95. Kc2 Rh3 96. Kc1 Ka3 97. Kc2 Ka2
98. Kc1 Rc3+ 99. Kd1 Kb2 100. Ke2 Kc2 101. Ne4 Rc8 102. Nf2 Re8+ 103. Kf3 Kd2
104. Ne4+ Kd3 105. Nf2+ Kd4 106. Ng4 Rf8+ 107. Ke2 Rh8 108. Nf2 Rf8 109. Ng4
Rf4 110. Nf2 Rh4 0-1

[Event "Obro 60 aar"]
[Site "Kobenhavn"]
[Date "1996.10.20"]
[Round "9"]
[White "Larsen, Peder"]
[Black "Pallesen, Jacob"]
[Result "0-1"]
[WhiteElo "2050"]
[BlackElo "2000"]
[PlyCount "80"]
[EventDate "1996.10.12"]
[EventCountry "DEN"]
[SourceVersionDate "2022.08.28"]

1. e4 c5 2. Nf3 Nc6 3. d4 cxd4 4. Nxd4 e6 5.
Nb5 d6 6. c4 Nf6 7. N1c3 a6 8. Na3 Be7 9. Be2 O-O 10. O-O b6 11. f4 Bb7 12. Bf3
h6 13. Nc2 Qc7 14. b3 b5 15. cxb5 axb5 16. Bb2 Qb6+ 17. Kh1 Rfd8 18. Qe1 Nd7
19. Qe3 b4 20. Qxb6 Nxb6 21. Nb5 Ba6 22. Be2 d5 23. e5 Nd7 24. Ncd4 Nxd4 25.
Nxd4 Bxe2 26. Nxe2 Rdc8 27. Nd4 Nc5 28. a4 bxa3 29. Rxa3 Rxa3 30. Bxa3 Nxb3 31.
Bxe7 Nxd4 32. g3 Rc2 33. h4 h5 34. Bb4 Kh7 35. Ba5 Kg6 36. Bb6 Ne2 37. Rf3 Kf5
38. Bf2 Rc3 39. Rxc3 Nxc3 40. Kg2 Ne4 0-1